000 00369nam a2200109Ia 4500
008 160909s9999 xx 000 0 und d
100 _aNguyen, Bich
245 _aBusiness plan for Triple Aim Urgent Care
260 _bCalifornia State University, Long Beach.
_c2016
650 _aMARKETING MANAGEMENT
856 _uhttp://pqdtopen.proquest.com/doc/1802295371.html?FMT=ABS
999 _c304828
_d304828